000 01094nam a2200265 i 4500
001 bg
245 0 0 _aĆwiczenia laboratoryjne z metaloznawstwa okrętowego :
_bpraca zbiorowa ; Ćwiczenia laboratoryjne z metaloznawstwa okrętowego /
_cpod red. Tadeusza Krzysztofowicza ; Politechnika Gdańska / pod red. Tadeusza Krzysztofowicza ; Politechnika Gdańska.
260 _aGdańsk :
_bWydaw. PG,
_c1997 ;
_aGdańsk :
_bPG
_c1997.
300 _a271, [1] s. :
_bfot., rys., wykr. ;
_c24 cm.
504 _aBibliogr. s. 267-269.
521 _aSkrypt jest przeznaczony dla studentów studiów inżynierskich i magisterskich Wydz. Oceanotechniki i Okrętownictwa.
650 9 _aBudownictwo okrętowe
_xbadanie
650 9 _aMetaloznawstwo
650 9 _aStatki
_xmechanika
_xbadanie
655 _aPodręczniki akademickie
700 1 _aKRZYSZTOFOWICZ, Tadeusz.
_erd
710 0 _aPolitechnika Gdańska
020 _a8386537590
040 _cBPK
041 0 _apl
080 _a629.5:669.017/.018](075.8)
920 _a83-86537-59-0
942 _cKS
008 s pl f |000 0 pol
999 _c37714
_d37714
856 _uhttp://koha.tu.koszalin.pl/cgi-bin/koha/opac-detail.pl?biblionumber=37714
_yKatalog online BPK